|
|
|
|
| LEADER |
00000naa2a2200000 4500 |
| 001 |
114724 |
| 005 |
20231031122337.0 |
| 035 |
|
|
|a (RuTPU)RU\TPU\book\124074
|
| 090 |
|
|
|a 114724
|
| 100 |
|
|
|a 20070425d2006 k y0rusy50 ca
|
| 101 |
0 |
|
|a rus
|
| 102 |
|
|
|a RU
|
| 200 |
1 |
|
|a Визуализация развития технологического процесса и его исторических показателей в виде трендов
|f А. А. Пономарёв
|
| 320 |
|
|
|a Библиогр.: 5 назв.
|
| 461 |
|
1 |
|0 (RuTPU)RU\TPU\book\111998
|t Современные техника и технологии
|o 12-я международная научно-практическая конференция студентов, аспирантов и молодых ученых, г. Томск, 27 марта - 31 марта 2006 г.
|o труды в 2 т.
|f Томский политехнический университет
|d 2006
|
| 463 |
|
0 |
|0 (RuTPU)RU\TPU\book\114157
|t Т. 2
|v С. 121-123
|d 2006
|p 518 с.
|
| 610 |
1 |
|
|a технологические процессы
|
| 610 |
1 |
|
|a визуализация
|
| 610 |
1 |
|
|a тренды
|
| 610 |
1 |
|
|a автоматизированные системы управления
|
| 610 |
1 |
|
|a АСУТП
|
| 610 |
1 |
|
|a диспетчерское управление
|
| 610 |
1 |
|
|a труды учёных ТПУ
|
| 700 |
|
1 |
|a Пономарёв
|b А. А.
|
| 801 |
|
1 |
|a RU
|b 63413507
|c 20070425
|g PSBO
|
| 801 |
|
2 |
|a RU
|b 63413507
|c 20141105
|g RCR
|
| 942 |
|
|
|c BK
|